000 00712cam a22002653a 4500
001 1142
003 PGUSA
005 20140828082957.0
008 060109s2006||||xxu|||||s|||||000 1 eng d
040 _aPGUSA
_beng
042 _adc
050 4 _aPR
100 1 _aConrad, Joseph,
_d1857-1924
245 1 0 _aTyphoon
_h[electronic resource] /
_cJoseph Conrad
260 _bProject Gutenberg,
_c2006
506 _aPublic domain in the USA.
516 _aElectronic text
653 _aShip captains -- Fiction
653 _aTyphoons -- Fiction
653 _aAdventure stories
653 _aSea stories
830 0 _aProject Gutenberg
_v1142
856 4 0 _uhttp://www.gutenberg.org/ebooks/1142
942 _cEB
999 _c230490
_d230490